000 01141cam a2200277 a 4500
005 20160209160348.0
008 041019s1996 ck a gr 10010 spa d
015 _ack-1996-xxxx
020 _a9589487017
040 _ala
_cla
041 0 _aspa
043 _as-ck---
082 0 4 _a333.716
_bS35m
111 2 _aSeminario Internacional de Producción Limpia
_d(1996 :
_cCartagena de Indias)
245 1 0 _aPrimer seminario internacional de producción limpia :
_bmemorias /
_c1er seminario internacional de producción limpia, Cartagena de Indias, mayo 9 y 10 de 1996.
260 _aMedellin :
_bMinisterio del Medio Ambiente,
_c1996.
300 _a219 p. :
_bil. ;
_c28 cm.
500 _aFotocopia.
650 _aPolítica ambiental
_v Congresos, conferencias, etc..
650 6 _aGestión ambiental
_z Colombia
_y 2003-2004
_v Informes.
650 6 _aAuditoría ambiental
_z Colombia
_y 2003-2004
_v Informes.
650 4 _aControl ambiental
_v Congresos, conferencias, etc.
650 4 _aProducción más limpia
_v Congresos, conferencias, etc.
942 _2ddc
_cLIBRO
949 _ac
_bc
999 _c235
_d235